| 000 | 00518nam a22001457a 4500 | ||
|---|---|---|---|
| 003 | OSt | ||
| 005 | 20240409163205.0 | ||
| 008 | 240409b |||||||| |||| 00| 0 eng d | ||
| 040 | _cCentral Library MRSPTU | ||
| 100 | _aDr. Harchand Singh Sarhindi (ਡਾ. ਹਰਚੰਦ ਸਿੰਘ ਸਰਹਿੰਦੀ) | ||
| 245 | _aSada Sarir Ate Ehdi Sambhal (ਸਾਡਾ ਸਰੀਰ ਅਤੇ ਇਹਦੀ ਸੰਭਾਲ) | ||
| 260 |
_aSirhind (Punjab) _bGian Vigyan Pustak Mala _c1991 |
||
| 300 | _a80 | ||
| 942 |
_2ddc _cBK _n0 |
||
| 999 |
_c10008 _d10008 |
||